| 000 | 00912cam a2200301 i 4500 | ||
|---|---|---|---|
| 999 |
_c200442730 _d60942 |
||
| 001 | 200442730 | ||
| 003 | TR-AnTOB | ||
| 005 | 20240207091638.0 | ||
| 007 | ta | ||
| 008 | 210809s1967 tu 000 0 tur d | ||
| 035 | _a(TR-AnTOB)200442730 | ||
| 040 |
_aBGZ _beng _erda _cBGZ _dTR-AnTOB |
||
| 041 | 0 | _atur | |
| 050 | 4 |
_aHJ2250 _b.O53 1967 |
|
| 090 |
_aHJ2250 _b.O53 1967 |
||
| 100 | 1 |
_aÖncel, Muallâ, _d1934- _eauthor _950190 |
|
| 245 | 1 | 0 |
_aGider vergileri / _cMualla Öncel. |
| 264 | 3 |
_aAnkara : _bSevinç Matbaası, _c1967. |
|
| 300 |
_axi 151 pages : _billustrations ; _c24 cm |
||
| 336 |
_atext _btxt _2rdacontent |
||
| 337 |
_aunmediated _bn _2rdamedia |
||
| 338 |
_avolume _bnc _2rdacarrier |
||
| 490 | 0 |
_aAnkara Üniversitesi Hukuk Fakültesi yayınları ; _vno. 226. |
|
| 650 | 7 |
_aVergilendirme _2etuturkob _922874 |
|
| 942 |
_2lcc _cBK |
||